00274nam a2200109Ia 4500008004100000082001400041100001100055245002700066250000800093260002300101650004000124150201s2010 xx 000 0 und d a610bW10G aGEORGE aWARD MGT. AND TEACHING a2ND bAITBSaDELHIc2010 aOTHER CLINICAL & NON CLINICAL BOOKS